1118 1186 1653 1786 1438 1147 1344 1916 1225 1900 1015 1209 1159 1481 1112 1195 1185 1779 1445 1944 1033 1324 1326 1116 1509 1782 1094 1224 1252 1115 1032 1595 1692 1055 1938 1020 1089 1349 1584 1966 1482 1618 1739 1831 1546 1355 1256 1796 1324 1085 1851 1233 1451 1355 1048 1128 1069 1107 1588 1799 1884 1713 1104 1088 1360 1690 1280 1151 1505 1767 1828 1083 1641 1705 1127 1363 1658 1150 1585 1189 1412 1156 1802 1423 1815 1860 1084 1539 1133 1955 1748 1272 1393 1166 1661 1924 1235 1765 1388 BCNSPRNW ULIB Ver.6.0+V

เปลี่ยนเป็นภาษาไทย

Change to English
 แสดงรายละเอียดบรรณานุกรม
  กลับหน้าหลัก

Brief Record : Get Marc (ISO 2709) : E-mail record : QR code < ปิดหน้าต่าง
LEADER : 00000nam 2200000uu 4500
001    13399111037
003     ULIB
008    110615s||||||||th 000 0 tha d
020    9789740524373
050 04 BF323.C5^bธ231ท 2551
100 0  ธนา วีกิจนุเคราะห์
245 10 ทัศนคติ ATTITUDE /^cธนา วีกิจนุเคราะห์
250    พิมพ์ครั้งที่ 1
260    กรุงเทพฯ :^bDดี,^c2551
300    112 หน้า :^bภาพประกอบ
650  7 ทัศนคติ
650  7 จิตวิทยาประยุกต์
650  7 การดำเนินชีวิต
945    ^p135^l0^i025150
995    ทศพร
999 ^a ใช้งานได้ทุกระบบ
รายการนี้ยังไม่มีแท็ก
คุณยังไม่ได้ล็อกอิน คุณสามารถมีกิจกรรมร่วมกับเว็บไซต์ได้ แต่ต้องล็อกอินก่อน ::
  ล็อกอิน

รายการสื่อสารสนเทศ

ลำดับที่ ประเภท เลขเรียก/บาร์โค้ด สถานที่ สถานะ
- ไม่พบข้อมูล -

รายการใกล้เคียง
    หัวเรื่อง [ทัศนคติ]
    หัวเรื่อง [จิตวิทยาประยุกต์]
    หัวเรื่อง [การดำเนินชีวิต]

BibComment


ยังไม่เคยถูกคอมเมนท์

คอมเมนท์ทรัพยากรรายการนี้
  คอมเมนท์: ทัศนคติ ATTITUDE ..


 Copyright 2026. Bcnsprnw @Library